000 00298nam a22001337a 4500
008 181206b xxu||||| |||| 00| 0 eng d
020 _a9783822870310
041 _aeng
080 _a710
100 _a45
101 _aART
245 _aMasterprieces Of Western Art
_cFlora.K
942 _2udc
_cBK
999 _c52922
_d52922